| 000 | 00894nam a22002297a 4500 | ||
|---|---|---|---|
| 999 |
_c533 _d533 |
||
| 005 | 20190820120223.0 | ||
| 008 | 190820b ||||| |||| 00| 0 eng d | ||
| 020 | _a9781442413269 | ||
| 040 | _cKH8 | ||
| 082 | _aFIC COO | ||
| 100 | _aCook, Eileen | ||
| 245 |
_aThe education of Hailey Kendrick / _cEileen Cook |
||
| 260 |
_aNew York : _bSimon Pulse, _c2011. |
||
| 300 |
_a256 pages ; _c21 cm. |
||
| 520 | _aDating a popular boy and adhering to every rule ever written, a high school senior at an elite Vermont boarding school begins to shed her good girl identity after an angry incident with her distant father. | ||
| 650 |
_aSelf-perception in adolescence _vJuvenile fiction. |
||
| 650 |
_aDating (Social customs) _vJuvenile fiction. |
||
| 650 |
_aFathers and daughters _vJuvenile fiction. |
||
| 650 |
_aBoarding schools _vJuvenile fiction. |
||
| 650 | _aVermont. | ||
| 942 |
_2ddc _cFIC |
||